000 01024nac a22003617a 4500
001 BR0401576
003 BR-BrBNA
005 20240105122952.0
008 230509b bl.|||m| |||| 00| 0 por d
040 _aBR-BrBNA
_bpor
_cBiblioteca Nacional de Agricultura
072 _aF02
090 _a1190 BR0401576
100 1 _aPereira, A.V.
100 1 _aPereira, E.B.C.
100 1 _aJunqueira, N.T.V.
100 1 _aFialho, J. de F.
110 1 _aEMBRAPA Cerrados, Brasília, DF (Brasil)
245 1 _aEnxertia de mudas de pequizeiro
260 3 _aBrasília, DF (Brasil):
_c2002.
300 _a26 p.
490 _aDocumentos - EMBRAPA Cerrados (Brazil)
_vno. 66
_xISSN 1517-5111
500 _a6 illus.; 6 ref.
650 _aPEQUI
650 _aENXERTO
650 _aPROPAGAÇÃO VEGETATIVA
650 _aCLONE
650 _aGENÉTICA VEGETAL
650 _aGARFAGEM
650 _aBORBULHA
650 _aANÁLISE COMPARATIVA
909 _a202312
_bLúcia Elande
_c55
_dLúcia Elande
942 _2AGRIS
_n0
_cMS
999 _c293495
_d293495